Представление документа в формате RUSMARC

ПолеНазваниеЗначение
  Тип записи a
  Библиографический уровень m
001 Контрольный номер RU/SLIB/B/208719167
005 Дата корректировки 20201206203938.6
010 Индекс ISBN __
d Цена 1-31
101 Язык документа 0_
a Язык текста rus
c Язык оригинала rus
200 Заглавие и сведения об ответственности 1_
a Заглавие Твой Кремль
e Сведения, относящиеся к заглавию для мл. шк. возраста
f Первые сведения об ответственности Осетров Е. И.
b Общее обозначение материала Текст
210 Выходные данные __
a Место издания М.
c Издательство Малыш
d Дата издания 1974
215 Физическое описание __
a Объем 127 с.
c Иллюстрации/тип воспроизводства ил.
605 Заглавие как предмет __
a Заглавие Московский кремль
605 Заглавие как предмет __
a Заглавие Царь-колокол
606 Тематические рубрики __
a Основная рубрика История
606 Тематические рубрики __
a Основная рубрика История России в целом
y Географическая подрубрика Москва; Россия
610 Ключевые слова __
a Ключевые слова историческая литература; достопримечательности; история городов; памятники; детская литература; познавательная литература
686 Индексы других классификаций __
a Классификационный индекс 63.3(2-2Москва)л6; мл63.3(2)
700 Автор _1
a Фамилия Осетров
b Имя Е. И.
4 Код отношения 070
801 Источник записи _0
a Страна RU
b Организация Муниципальное бюджетное учреждение культуры "Централизованная библиотечная система" г. Сургут (Центральная городская библиотека им. А. С. Пушкина)
g Правила каталогизации К/Кундохова В.С.
801 Источник записи _1
a Страна RU
b Организация Муниципальное бюджетное учреждение культуры "Централизованная библиотечная система" г. Сургут (Центральная городская библиотека им. А. С. Пушкина)
g Правила каталогизации К/Кундохова В.С.
852 Данные о местонахождении __
j Шифр хранения 63.3(2-2Москва)л6
c Каталожный индекс 63.3(2-2Москва)л6
i Авторский знак О-72
p Инвентарный номер 23266(с); 23267(с)
901 Тип документа __
t Тип документа m
990 Данные о заказе (DOS) __
j Количество экземпляров (DOS) 2
t N записи в КСУ для И/У (DOS) 199101